| 000 | 00467nam a22001577a 4500 | ||
|---|---|---|---|
| 082 | _aBE-EE-3 | ||
| 100 |
_aAhmad Bilal _926125 |
||
| 245 | _aSmart nano grid | ||
| 260 |
_aIslamabad _bNUST-SEECS _c2015 |
||
| 300 |
_a91 _eCD Include |
||
| 500 | _aSupervisors: Dr. Syed Muhammad Raza Kazmi, Maajid Maqbool | ||
| 700 |
_aHassam Ullah Usmani, _992767 |
||
| 700 |
_aOmar Farooq _992768 |
||
| 856 | _uhttp://10.250.8.41:8080/xmlui/handle/123456789/9710 | ||
| 942 |
_cPR _2ddc |
||
| 999 |
_c13252 _d13252 |
||